[Event "SLO-ch U20"]
[Site "Kope"]
[Date "2013.07.13"]
[Round "1"]
[White "Jelen, Miha"]
[Black "Novakovic, Julian"]
[Result "1-0"]
[WhiteElo "1544"]
[BlackElo "1810"]
[PlyCount "57"]
[EventDate "2013.07.13"]
[EventType "swiss"]
[EventRounds "7"]
[EventCountry "SLO"]
[SourceTitle "EXT 2024"]
[Source "ChessBase"]
[SourceDate "2023.10.10"]
[SourceVersion "1"]
[SourceVersionDate "2023.10.10"]
[SourceQuality "1"]

1. e4 d6 2. d4 Nf6 3. Nc3 g6 4. Nf3 Bg7 5. Be3 0-0 6. Be2 Bg4 7. 0-0 Nc6 8. Re1 Re8 9. Bf1 e5 10. d5 Nd4 11. Be2 Bxf3 12. Bxf3 a6 13. Be2 b5 14. Bd3 b4 15. Ne2 Ng4 16. Qd2 f5 17. Bg5 Bf6 18. Bxf6 Nxe2+ 19. Rxe2 Nxf6 20. exf5 e4 21. Bc4 Ng4 22. fxg6 Ne5 23. gxh7+ Kxh7 24. Rxe4 Rg8 25. Qf4 Qd7 26. Qh4+ Kg6 27. Rf4 Qd8 28. Qg3+ Kh5 29. Be2+ 1-0

[Event "SLO-chT U16"]
[Site "Rogla"]
[Date "2013.05.11"]
[Round "3"]
[White "Novakovic, Julian"]
[Black "Jarc, Jakob"]
[Result "1-0"]
[WhiteElo "1811"]
[BlackElo "1677"]
[PlyCount "105"]
[EventDate "2013.05.10"]
[EventType "team-swiss"]
[EventRounds "6"]
[EventCountry "SLO"]
[SourceTitle "EXT 2015"]
[Source "ChessBase"]
[SourceDate "2014.11.20"]
[SourceVersion "1"]
[SourceVersionDate "2014.11.20"]
[SourceQuality "1"]

1. d4 Nf6 2. c4 c5 3. d5 b5 4. Nf3 g6 5. cxb5 a6 6. b6 Qxb6 7. Nc3 Bg7 8. e4 d6 9. Nd2 0-0 10. a4 a5 11. Nc4 Qc7 12. Nb5 Qb7 13. Bd3 Bd7 14. 0-0 Na6 15. Nxa5 Qb6 16. Nc4 Qb7 17. Na5 Qb6 18. Bd2 Nc7 19. Nc4 Qb7 20. Nxc7 Qxc7 21. Bc3 Qb7 22. Re1 Rfb8 23. Na5 Qb6 24. Nc6 Bxc6 25. dxc6 Qxc6 26. Bc4 Ra7 27. e5 Ne4 28. Qf3 d5 29. Bxd5 Qxd5 30. Qxe4 Qxe4 31. Rxe4 Rd8 32. f4 e6 33. Kf2 Kf8 34. Ke2 Ke8 35. Rd1 Rd5 36. a5 Kd7 37. Rc4 Bf8 38. Ra1 Ra6 39. Ke3 h5 40. Raa4 Be7 41. g3 Ke8 42. h3 Kd7 43. g4 hxg4 44. hxg4 Bf8 45. b4 cxb4 46. Bxb4 Be7 47. g5 Bd8 48. Bd6 Rdxa5 49. Rab4 Bb6+ 50. Ke4 Ra3 51. Rxb6 R3a5 52. Rbb4 Ra7 53. Ke3 1-0

[Event "Ljubljana op 1st"]
[Site "Ljubljana"]
[Date "2013.03.13"]
[Round "8"]
[White "Novakovic, Julian"]
[Black "Kamensek, Ivan"]
[Result "1/2-1/2"]
[WhiteElo "1840"]
[BlackElo "1763"]
[PlyCount "111"]
[EventDate "2013.01.09"]
[EventType "swiss"]
[EventRounds "9"]
[EventCountry "SLO"]
[SourceTitle "EXT 2023"]
[Source "ChessBase"]
[SourceDate "2022.10.05"]
[SourceVersion "1"]
[SourceVersionDate "2022.10.05"]
[SourceQuality "1"]

1. d4 d5 2. c4 e6 3. Nc3 Be7 4. Nf3 Nf6 5. cxd5 exd5 6. Bg5 Nbd7 7. e3 h6 8. Bh4 0-0 9. Bd3 Re8 10. 0-0 c5 11. dxc5 g5 12. Bg3 Bxc5 13. Nb5 Bb6 14. Nd6 Rf8 15. Nf5 Kh7 16. Bd6 Re8 17. Be7 Rxe7 18. Nxe7+ Ne4 19. Nxd5 f5 20. Qc2 Ndc5 21. Bxe4 fxe4 22. Nxb6 Qxb6 23. Rac1 Nd3 24. Qc7+ Kg8 25. Qxb6 axb6 26. Rc3 Be6 27. Nd4 Bd5 28. Nf5 Kf7 29. Nxh6+ Ke6 30. f4 gxf4 31. exf4 Rxa2 32. f5+ Kf6 33. Ng4+ Kg5 34. Ne3 Bf7 35. Rc7 Ne5 36. h4+ Kf6 37. g4 Nf3+ 38. Rxf3 exf3 39. g5+ Ke5 40. Rxf7 Kf4 41. Nd5+ Kg3 42. Ne3 f2+ 43. Kf1 Ra1+ 44. Ke2 Re1+ 45. Kd3 Rxe3+ 46. Kxe3 f1Q 47. g6 Qf4+ 48. Kd3 b5 49. b3 Qxh4 50. g7 Qd8+ 51. Kc3 Kf4 52. f6 Qa5+ 53. Kd3 Qd8+ 54. Kc2 Qc8+ 55. Kb2 b4 56. Rf8 1/2-1/2

[Event "SLO-ch U14"]
[Site "Murska Sobota"]
[Date "2013.02.28"]
[Round "8"]
[White "Brcar, Matej"]
[Black "Novakovic, Julian"]
[Result "0-1"]
[WhiteElo "1759"]
[BlackElo "1840"]
[PlyCount "66"]
[EventDate "2013.02.23"]
[EventType "swiss"]
[EventRounds "9"]
[EventCountry "SLO"]
[SourceTitle "EXT 2022"]
[Source "ChessBase"]
[SourceDate "2021.10.06"]
[SourceVersion "1"]
[SourceVersionDate "2021.10.06"]
[SourceQuality "1"]

1. e4 d6 2. d4 Nf6 3. Nc3 g6 4. h3 c6 5. Be3 Nbd7 6. g4 b5 7. Bg2 Nb6 8. b3 Qc7 9. f4 Bb7 10. Qd3 a6 11. g5 Nfd7 12. h4 c5 13. h5 Bg7 14. h6 Bxd4 15. Bxd4 cxd4 16. Qxd4 e5 17. Qd3 Rc8 18. Kd2 Nc5 19. Qe3 b4 20. Nce2 Ne6 21. Rc1 exf4 22. Nxf4 Nxf4 23. Qxf4 Qc3+ 24. Ke2 a5 25. Kf2 Qb2 26. Qd2 0-0 27. Ne2 f5 28. gxf6 Qxf6+ 29. Kg1 Qf2+ 30. Kh2 Bxe4 31. Rhg1 Qh4+ 32. Bh3 Rf2+ 33. Rg2 Rxg2+ 0-1

[Event "SLO-ch U14"]
[Site "Murska Sobota"]
[Date "2013.02.24"]
[Round "3"]
[White "Novakovic, Julian"]
[Black "Kodric, Tilen"]
[Result "1-0"]
[WhiteElo "1840"]
[BlackElo "1532"]
[PlyCount "77"]
[EventDate "2013.02.23"]
[EventType "swiss"]
[EventRounds "9"]
[EventCountry "SLO"]
[SourceTitle "EXT 2022"]
[Source "ChessBase"]
[SourceDate "2021.10.06"]
[SourceVersion "1"]
[SourceVersionDate "2021.10.06"]
[SourceQuality "1"]

1. d4 Nf6 2. c4 c5 3. d5 b5 4. Nf3 b4 5. a3 bxa3 6. Rxa3 g6 7. Nc3 Bg7 8. e4 d6 9. h3 Nbd7 10. Bf4 0-0 11. Bd3 Nh5 12. Bh2 Qb6 13. Rb3 Qa5 14. 0-0 Qc7 15. Nd2 Bxc3 16. Rxc3 e6 17. f4 e5 18. f5 Ng7 19. g4 g5 20. Nf3 h6 21. Qd2 f6 22. h4 Nb6 23. hxg5 hxg5 24. Be2 Ne8 25. Ne1 Rb8 26. Rh3 Rf7 27. Rff3 Rh7 28. Rxh7 Qxh7 29. Kg2 Rb7 30. Rh3 Qg7 31. Nd3 Nxc4 32. Qc1 Nb6 33. Bg1 a5 34. Be3 Ra7 35. Qh1 Rf7 36. Rh6 Kf8 37. Nxc5 Ke7 38. Ne6 Bxe6 39. dxe6 1-0

[Event "Ljubljana op 1st"]
[Site "Ljubljana"]
[Date "2013.02.05"]
[Round "3"]
[White "Hribar, Andrej"]
[Black "Novakovic, Julian"]
[Result "1-0"]
[WhiteElo "1654"]
[BlackElo "1840"]
[PlyCount "151"]
[EventDate "2013.01.09"]
[EventType "swiss"]
[EventRounds "9"]
[EventCountry "SLO"]
[SourceTitle "EXT 2023"]
[Source "ChessBase"]
[SourceDate "2022.10.05"]
[SourceVersion "1"]
[SourceVersionDate "2022.10.05"]
[SourceQuality "1"]

1. d4 d6 2. e4 Nf6 3. Bd3 e5 4. Ne2 Nc6 5. d5 Nb4 6. 0-0 Be7 7. f4 c6 8. fxe5 dxe5 9. c4 Ng4 10. g3 f5 11. a3 Nxd3 12. Qxd3 f4 13. gxf4 cxd5 14. cxd5 0-0 15. h3 Bc5+ 16. Kg2 Qh4 17. Qg3 Qxg3+ 18. Nxg3 exf4 19. Rxf4 Ne3+ 20. Bxe3 Bxe3 21. Rxf8+ Kxf8 22. Nc3 g6 23. e5 Ke7 24. Nge4 b6 25. Nd6 Ba6 26. Kf3 Bc5 27. Ndb5 Rf8+ 28. Ke4 g5 29. b4 Rf4+ 30. Kd3 Rf3+ 31. Kc2 Be3 32. d6+ Kd8 33. Rd1 Bc8 34. d7 Bxd7 35. e6 Rf2+ 36. Kb3 Rd2 37. Rxd2 Bxd2 38. exd7 a6 39. Nd6 Kxd7 40. Nc4 Be1 41. Nxb6+ Kc6 42. Nbd5 h5 43. Nf6 g4 44. Ne2 gxh3 45. Nxh5 h2 46. Nhg3 a5 47. bxa5 Kb5 48. Nh1 Kxa5 49. Neg3 Kb5 50. Nf1 Kc5 51. Nxh2 Kd5 52. Nf3 Ba5 53. Nf2 Bd8 54. a4 Bb6 55. Nd1 Ke4 56. Ne1 Ba5 57. Nc2 Kd5 58. Nc3+ Kc6 59. Kc4 Bd8 60. Nd4+ Kb7 61. Ne6 Ba5 62. Nc5+ Kc6 63. Nb5 Bd8 64. Nd4+ Kb6 65. Kb4 Bh4 66. a5+ Ka7 67. Kb5 Bf2 68. Nc6+ Ka8 69. Nd8 Be1 70. a6 Bf2 71. Nd7 Bg1 72. Nb6+ Bxb6 73. Kxb6 Kb8 74. Ne6 Ka8 75. Nc7+ Kb8 76. a7+ 1-0

[Event "Ljubljana op 1st"]
[Site "Ljubljana"]
[Date "2013.02.05"]
[Round "1"]
[White "Sindicic, Branko"]
[Black "Novakovic, Julian"]
[Result "1-0"]
[WhiteElo "1916"]
[BlackElo "1840"]
[PlyCount "75"]
[EventDate "2013.01.09"]
[EventType "swiss"]
[EventRounds "9"]
[EventCountry "SLO"]
[SourceTitle "EXT 2023"]
[Source "ChessBase"]
[SourceDate "2022.10.05"]
[SourceVersion "1"]
[SourceVersionDate "2022.10.05"]
[SourceQuality "1"]

1. d4 d6 2. Nf3 Bg4 3. c4 g6 4. Nc3 Bg7 5. e3 c5 6. Be2 Nh6 7. 0-0 0-0 8. h3 Bxf3 9. Bxf3 cxd4 10. exd4 Nc6 11. Ne2 Nf5 12. Be3 Nxe3 13. fxe3 Bh6 14. Qd3 Qb6 15. a3 e5 16. b4 exd4 17. exd4 Rae8 18. c5 Qc7 19. Ra2 Re3 20. Qc4 dxc5 21. bxc5 Rfe8 22. Nc3 Na5 23. Nd5 Qg3 24. Qb5 Nc6 25. Nf6+ Kf8 26. Bxc6 bxc6 27. Qxc6 Bf4 28. Nxh7+ Kg8 29. Nf6+ Kh8 30. Ng4 Re1 31. Raf2 f5 32. Rxf4 fxg4 33. Qf6+ Kh7 34. Rxg4 Qe3+ 35. Kh2 g5 36. Qf7+ Kh8 37. Qh5+ Kg8 38. Rxg5+ 1-0

[Event "Wch U14"]
[Site "Maribor"]
[Date "2012.11.11"]
[Round "4.65"]
[White "Novakovic, Julian"]
[Black "Pozun, Matej"]
[Result "1-0"]
[WhiteElo "1812"]
[BlackElo "1619"]
[PlyCount "85"]
[EventDate "2012.11.08"]
[EventType "swiss"]
[EventRounds "11"]
[EventCountry "SLO"]
[SourceTitle "EXT 2013"]
[Source "ChessBase"]
[SourceDate "2012.11.22"]
[SourceVersion "1"]
[SourceVersionDate "2012.11.22"]
[SourceQuality "1"]

1. d4 Nf6 2. c4 g6 3. Nc3 Bg7 4. e4 d6 5. f3 0-0 6. Bg5 Nbd7 7. Nh3 c5 8. d5 Qa5 9. Rc1 Ne5 10. Nf2 b6 11. Qd2 Ba6 12. b3 Rfb8 13. Be2 Bc8 14. 0-0 a6 15. a4 Kf8 16. Qc2 Ne8 17. Bd2 b5 18. cxb5 axb5 19. Nxb5 Qb6 20. Bc3 Ba6 21. f4 Nd7 22. Bxg7+ Nxg7 23. Qb2 Kg8 24. e5 Nf5 25. Kh1 Ne3 26. Rfe1 Nxd5 27. Bc4 Nxf4 28. e6 d5 29. Ng4 Nf6 30. Nxf6+ exf6 31. Qxf6 Nxe6 32. Bxd5 Bxb5 33. axb5 Ra2 34. Rxe6 Qd8 35. Qxd8+ Rxd8 36. Re5 Kg7 37. Bf3 Rb2 38. h3 Rxb3 39. Rexc5 Rb8 40. Bc6 Kh6 41. Rf1 f5 42. Rfc1 Rb6 43. Ra1 1-0

[Event "Ljubljana Autumn op"]
[Site "Ljubljana"]
[Date "2012.10.30"]
[Round "9"]
[White "Unuk, Laura"]
[Black "Novakovic, Julian"]
[Result "1-0"]
[WhiteElo "1938"]
[BlackElo "1816"]
[PlyCount "77"]
[EventDate "2012.09.05"]
[EventType "swiss"]
[EventRounds "9"]
[EventCountry "SLO"]
[SourceTitle "EXT 2023"]
[Source "ChessBase"]
[SourceDate "2022.10.05"]
[SourceVersion "1"]
[SourceVersionDate "2022.10.05"]
[SourceQuality "1"]

1. d4 d6 2. Nf3 g6 3. c4 Bg7 4. Nc3 Bg4 5. h3 Bxf3 6. exf3 e6 7. Be3 Ne7 8. Bd3 Nd7 9. Qc2 Nf5 10. Bxf5 exf5 11. 0-0 0-0 12. Rad1 Qh4 13. Qc1 h6 14. Kh2 g5 15. Nd5 f4 16. g3 Qh5 17. g4 Qh4 18. Ne7+ Kh8 19. Nf5 fxe3 20. Nxh4 gxh4 21. fxe3 c5 22. Qc2 Rae8 23. Qf2 f5 24. Rfe1 Bf6 25. Kh1 Bg5 26. b3 fxg4 27. hxg4 Rf7 28. f4 Ref8 29. Qg2 Bd8 30. dxc5 dxc5 31. Rd6 Nf6 32. g5 hxg5 33. fxg5 Ng8 34. Qb2+ Nf6 35. gxf6 Bxf6 36. Rxf6 Rxf6 37. Rf1 Kg7 38. Qe5 Kg6 39. Rxf6+ 1-0

[Event "Ljubljana Autumn op"]
[Site "Ljubljana"]
[Date "2012.10.03"]
[Round "5"]
[White "Hribar, Andrej"]
[Black "Novakovic, Julian"]
[Result "0-1"]
[WhiteElo "1658"]
[BlackElo "1816"]
[PlyCount "104"]
[EventDate "2012.09.05"]
[EventType "swiss"]
[EventRounds "9"]
[EventCountry "SLO"]
[SourceTitle "EXT 2023"]
[Source "ChessBase"]
[SourceDate "2022.10.05"]
[SourceVersion "1"]
[SourceVersionDate "2022.10.05"]
[SourceQuality "1"]

1. d4 d6 2. c4 e5 3. d5 f5 4. Nc3 Nf6 5. e3 Nbd7 6. Bd3 e4 7. Bc2 Ne5 8. b3 Bd7 9. Bb2 Nfg4 10. Qd2 Qh4 11. Nh3 g6 12. 0-0-0 Bh6 13. Rdf1 0-0-0 14. Kb1 Rhf8 15. Nf4 Nxh2 16. Qe2 Bxf4 17. exf4 Qxf4 18. Bc1 Qh4 19. Rfg1 Rde8 20. Be3 Neg4 21. Qd2 h6 22. Bd1 Qf6 23. Bf4 Nxf2 24. Rxh2 g5 25. Be3 Nxd1 26. Rxd1 f4 27. Bd4 Qg6 28. Kb2 Bg4 29. Rdh1 h5 30. c5 e3 31. Qc2 Qxc2+ 32. Kxc2 a6 33. Re1 Bf5+ 34. Kc1 Bg6 35. Kd1 g4 36. Rhh1 Rf7 37. Rhf1 Be4 38. Rg1 h4 39. cxd6 cxd6 40. Nxe4 Rxe4 41. Bb6 Rf5 42. Ke2 Rxd5 43. Rc1+ Kd7 44. Rcd1 Rb5 45. Bd4 Rf5 46. Kd3 d5 47. Rgf1 Rxd4+ 48. Kxd4 e2 49. Rde1 Kd6 50. Rh1 f3 51. gxf3 gxf3 52. Ke3 f2 0-1

[Event "Ljubljana Summer op II"]
[Site "Ljubljana"]
[Date "2012.08.04"]
[Round "3"]
[White "Novakovic, Julian"]
[Black "Peric, Bernard"]
[Result "0-1"]
[WhiteElo "1814"]
[BlackElo "2042"]
[PlyCount "96"]
[EventDate "2012.08.03"]
[EventType "swiss"]
[EventRounds "5"]
[EventCountry "SLO"]
[SourceTitle "EXT 2023"]
[Source "ChessBase"]
[SourceDate "2022.10.05"]
[SourceVersion "1"]
[SourceVersionDate "2022.10.05"]
[SourceQuality "1"]

1. d4 d5 2. c4 e5 3. dxe5 d4 4. Nf3 Nc6 5. g3 Nge7 6. Bg2 Ng6 7. 0-0 Ngxe5 8. Nxe5 Nxe5 9. a3 Be7 10. Nd2 0-0 11. Nf3 Nxc4 12. Nxd4 Bf6 13. e3 c5 14. Qe2 Nxe3 15. Bxe3 cxd4 16. Rfd1 Qb6 17. Bf4 Be6 18. Rac1 Rac8 19. b4 Bb3 20. Re1 Ba4 21. Bh3 Rce8 22. Qc4 Bb5 23. Qb3 Rxe1+ 24. Rxe1 Re8 25. Rc1 Bc6 26. a4 a6 27. Bd6 Qd8 28. Bf4 g5 29. Bd2 Re2 30. Qd3 Re8 31. b5 axb5 32. axb5 Be4 33. Qb3 Qd5 34. Qxd5 Bxd5 35. Rc8 Rxc8 36. Bxc8 Kf8 37. Kf1 Ke8 38. Ke2 Bc4+ 39. Kf3 b6 40. Ba6 Bd3 41. Kg4 h6 42. f4 Bc4 43. Kf5 Be7 44. Ke4 gxf4 45. Kxd4 f3 46. Be1 Be2 47. Ke3 Bc5+ 48. Kd2 Bb4+ 0-1

[Event "Ljubljana Spring op"]
[Site "Ljubljana"]
[Date "2012.04.18"]
[Round "3"]
[White "Novakovic, Julian"]
[Black "Unuk, Laura"]
[Result "1-0"]
[WhiteElo "1748"]
[BlackElo "1854"]
[PlyCount "111"]
[EventDate "2012.04.04"]
[EventType "swiss"]
[EventRounds "9"]
[EventCountry "SLO"]
[SourceTitle "EXT 2023"]
[Source "ChessBase"]
[SourceDate "2022.10.05"]
[SourceVersion "1"]
[SourceVersionDate "2022.10.05"]
[SourceQuality "1"]

1. d4 Nf6 2. c4 e6 3. Nc3 Bb4 4. Qc2 c5 5. dxc5 Bxc5 6. Nf3 Qb6 7. e3 Nc6 8. a3 Qd8 9. b4 Bd6 10. Bb2 a6 11. Bd3 Ne5 12. Nxe5 Bxe5 13. Rd1 h6 14. h3 0-0 15. 0-0 b6 16. f4 Bc7 17. Ne4 Ne8 18. f5 exf5 19. Rxf5 Qe7 20. Bd4 d6 21. Rf3 Bb7 22. Rdf1 f6 23. g4 d5 24. Nd2 dxc4 25. Bxc4+ Kh8 26. R3f2 Nd6 27. Qg6 Ne4 28. Nxe4 Bxe4 29. Qh5 Qe8 30. Qh4 Qg6 31. Be6 Qg5 32. Qxg5 hxg5 33. Rc1 Bg3 34. Re2 Rab8 35. Bf5 Rfe8 36. Bxe4 Rxe4 37. Kg2 Bf4 38. Rcc2 Rbe8 39. Kf3 Bd6 40. Bxb6 R4e6 41. Bd4 Be5 42. Bxe5 Rxe5 43. Rc5 R5e6 44. e4 Kh7 45. a4 Rd8 46. Ke3 Red6 47. Rc3 Rd4 48. Rb2 Kg6 49. b5 axb5 50. axb5 R4d7 51. b6 Rb8 52. Rc7 Rxc7 53. bxc7 Rc8 54. Rc2 Kf7 55. Kd4 Ke6 56. Rc5 1-0

[Event "Ljubljana Spring op"]
[Site "Ljubljana"]
[Date "2012.04.10"]
[Round "1"]
[White "Novakovic, Julian"]
[Black "Debevec, Blaz"]
[Result "0-1"]
[WhiteElo "1748"]
[BlackElo "2068"]
[PlyCount "84"]
[EventDate "2012.04.04"]
[EventType "swiss"]
[EventRounds "9"]
[EventCountry "SLO"]
[SourceTitle "EXT 2023"]
[Source "ChessBase"]
[SourceDate "2022.10.05"]
[SourceVersion "1"]
[SourceVersionDate "2022.10.05"]
[SourceQuality "1"]

1. d4 Nf6 2. c4 c5 3. d5 b5 4. Nf3 g6 5. cxb5 a6 6. b6 Qxb6 7. Nc3 d6 8. e4 Bg7 9. Nd2 0-0 10. Nc4 Qc7 11. a4 a5 12. Nb5 Qd8 13. Bd3 Nbd7 14. Bd2 Ne8 15. f4 Bb7 16. 0-0 Bd4+ 17. Kh1 f5 18. Qe2 fxe4 19. Qxe4 Nef6 20. Qe6+ Rf7 21. Ncxd6 exd6 22. Nxd6 Bxd5 23. Nxf7 Bxe6 24. Nxd8 Rxd8 25. Bxa5 Ra8 26. Bc3 Bxc3 27. bxc3 c4 28. f5 Bd5 29. Be2 g5 30. Rfd1 Kf8 31. Rd4 Ne5 32. Rad1 Ra5 33. Kg1 Ke7 34. Bf1 Kf8 35. h3 h5 36. Kh2 h4 37. Be2 Kg7 38. Rb1 Rxa4 39. Rb5 Ra2 40. Rbxd5 Nxd5 41. Rxd5 Rxe2 42. Kg1 Kf6 0-1

[Event "Ljubljana-chT 65th 1st League"]
[Site "Ljubljana"]
[Date "2012.03.08"]
[Round "7.2"]
[White "Abe, Blaz"]
[Black "Novakovic, Julian"]
[Result "0-1"]
[WhiteElo "1704"]
[BlackElo "1748"]
[PlyCount "58"]
[EventDate "2012.01.12"]
[EventType "team-tourn"]
[EventRounds "9"]
[EventCountry "SLO"]
[SourceTitle "EXT 2022"]
[Source "ChessBase"]
[SourceDate "2021.10.06"]
[SourceVersion "1"]
[SourceVersionDate "2021.10.06"]
[SourceQuality "1"]
[WhiteTeam "Loka pri Mengsu"]
[BlackTeam "Komenda Gaber"]
[WhiteTeamCountry "SLO"]
[BlackTeamCountry "SLO"]

1. d4 d6 2. Nf3 Nf6 3. c4 Nbd7 4. Nc3 e5 5. dxe5 dxe5 6. Bg5 c6 7. a3 Qb6 8. Qc2 Ng4 9. e3 f6 10. h3 Nxf2 11. Qxf2 fxg5 12. Nxg5 Nf6 13. Nce4 Nxe4 14. Qf7+ Kd8 15. Nxe4 Qxe3+ 16. Be2 Bd7 17. Nf6 gxf6 18. Qxf6+ Be7 19. Qxh8+ Kc7 20. Qxh7 Bg5 21. Qd3 Qb6 22. Rd1 Rd8 23. Qd6+ Kc8 24. Qxe5 Bh4+ 25. g3 Re8 26. Qf4 Qxb2 27. Rh2 Qc3+ 28. Kf1 Bxg3 29. Qd6 Bxd6 0-1

[Event "SLO-ch U14"]
[Site "Debeli Rtic"]
[Date "2012.02.23"]
[Round "8"]
[White "Markoja, Boris"]
[Black "Novakovic, Julian"]
[Result "1-0"]
[WhiteElo "2066"]
[BlackElo "1748"]
[PlyCount "105"]
[EventDate "2012.02.18"]
[EventType "swiss"]
[EventRounds "9"]
[EventCountry "SLO"]
[SourceTitle "EXT 2022"]
[Source "ChessBase"]
[SourceDate "2021.10.06"]
[SourceVersion "1"]
[SourceVersionDate "2021.10.06"]
[SourceQuality "1"]

1. e4 d6 2. d4 Nf6 3. Nc3 g6 4. Be3 c6 5. h3 Nbd7 6. f4 b5 7. Bd3 e5 8. Nf3 Qc7 9. 0-0 Bg7 10. a3 a6 11. g4 Bb7 12. dxe5 dxe5 13. f5 gxf5 14. gxf5 h5 15. Qe1 0-0-0 16. Ng5 Bh6 17. Nxf7 Bxe3+ 18. Qxe3 Rdg8+ 19. Kh2 Rh7 20. Ng5 Rhg7 21. Ne6 Rg2+ 22. Kh1 Qd6 23. Rg1 Rxg1+ 24. Rxg1 Rxg1+ 25. Kxg1 c5 26. b3 c4 27. bxc4 Qxa3 28. Nd5 Bxd5 29. cxd5 Qc3 30. Kf2 Qb4 31. Ke2 Qd6 32. Qa7 Qb6 33. Qxb6 Nxb6 34. Nc5 Na4 35. Nxa4 bxa4 36. Bxa6+ Kc7 37. Kd3 Kb6 38. Bc4 h4 39. c3 Nh5 40. Kc2 Ka5 41. Bf1 Nf6 42. Bd3 Nd7 43. Kb2 Kb6 44. Ka3 Kc7 45. Kb4 Kd6 46. Bc2 Nc5 47. c4 Nd7 48. Bxa4 Nc5 49. Bc2 Nd7 50. Kb5 Nc5 51. f6 Nd7 52. f7 Ke7 53. c5 1-0

[Event "SLO-ch U14"]
[Site "Debeli Rtic"]
[Date "2012.02.22"]
[Round "6"]
[White "Suta, Andraz"]
[Black "Novakovic, Julian"]
[Result "0-1"]
[WhiteElo "1757"]
[BlackElo "1748"]
[PlyCount "70"]
[EventDate "2012.02.18"]
[EventType "swiss"]
[EventRounds "9"]
[EventCountry "SLO"]
[SourceTitle "EXT 2022"]
[Source "ChessBase"]
[SourceDate "2021.10.06"]
[SourceVersion "1"]
[SourceVersionDate "2021.10.06"]
[SourceQuality "1"]

1. e4 d6 2. d4 Nf6 3. Nc3 g6 4. Nf3 Bg7 5. Bf4 0-0 6. Qd2 c6 7. 0-0-0 b5 8. e5 b4 9. Nb1 Nd5 10. Bh6 Bg4 11. h3 Bxf3 12. gxf3 Qa5 13. Bc4 Nb6 14. Bb3 dxe5 15. Bxg7 Kxg7 16. h4 h5 17. Rhg1 Nd5 18. Rg5 Rh8 19. Rdg1 Nd7 20. dxe5 e6 21. Qd4 Qb6 22. Qd2 a5 23. f4 Nc5 24. Bxd5 cxd5 25. Qe3 d4 26. Qf3 d3 27. f5 exf5 28. Qxf5 Qe6 29. Qf3 dxc2 30. Nd2 Rhd8 31. Rxh5 Nd3+ 32. Kxc2 Rac8+ 33. Kb1 Nxe5 34. Qe3 Ng4 35. Qf4 gxh5 0-1

[Event "SLO-ch U14"]
[Site "Debeli Rtic"]
[Date "2012.02.21"]
[Round "5"]
[White "Skuhala, Jernej"]
[Black "Novakovic, Julian"]
[Result "1-0"]
[WhiteElo "1897"]
[BlackElo "1748"]
[PlyCount "109"]
[EventDate "2012.02.18"]
[EventType "swiss"]
[EventRounds "9"]
[EventCountry "SLO"]
[SourceTitle "EXT 2022"]
[Source "ChessBase"]
[SourceDate "2021.10.06"]
[SourceVersion "1"]
[SourceVersionDate "2021.10.06"]
[SourceQuality "1"]

1. e4 d6 2. Nf3 Nf6 3. Nc3 g6 4. d4 Bg7 5. Bc4 0-0 6. Bf4 c6 7. 0-0 b5 8. Bd3 a6 9. Ne2 Bb7 10. Ng3 Nbd7 11. Qd2 Qc7 12. Bh6 e5 13. Bxg7 Kxg7 14. dxe5 dxe5 15. Rad1 Rad8 16. Qg5 Rfe8 17. c3 Bc8 18. Bc2 Nc5 19. Nh4 Ncd7 20. h3 c5 21. Ngf5+ Kh8 22. Nd6 Re7 23. f4 Rf8 24. f5 c4 25. Nxc8 Rxc8 26. Kh1 Qd8 27. fxg6 fxg6 28. Rxf6 Rf7 29. Nxg6+ hxg6 30. Rxg6 Qxg5 31. Rxg5 Rcf8 32. Kh2 Rh7 33. Rd2 Nf6 34. g4 a5 35. Kg3 Re7 36. Rd6 b4 37. cxb4 axb4 38. Rc6 b3 39. axb3 cxb3 40. Bb1 Rd7 41. Rc1 Rfd8 42. Rxe5 Rd2 43. Rf5 Rd1 44. Rxd1 Rxd1 45. Rxf6 Rxb1 46. Rf2 Kg7 47. Kh4 Kg6 48. e5 Kh6 49. Re2 Rc1 50. Re3 Rc5 51. e6 Rc8 52. Rxb3 Kg7 53. e7 Kf7 54. Re3 Re8 55. Kg3 1-0

[Event "SLO-ch U14"]
[Site "Debeli Rtic"]
[Date "2012.02.19"]
[Round "2"]
[White "Drobnic, Milan"]
[Black "Novakovic, Julian"]
[Result "0-1"]
[WhiteElo "1679"]
[BlackElo "1748"]
[PlyCount "64"]
[EventDate "2012.02.18"]
[EventType "swiss"]
[EventRounds "9"]
[EventCountry "SLO"]
[SourceTitle "EXT 2022"]
[Source "ChessBase"]
[SourceDate "2021.10.06"]
[SourceVersion "1"]
[SourceVersionDate "2021.10.06"]
[SourceQuality "1"]

1. e4 d6 2. d4 Nf6 3. Bd3 e5 4. c3 d5 5. dxe5 Nxe4 6. Bxe4 dxe4 7. Qxd8+ Kxd8 8. Bf4 Nd7 9. Ne2 Nc5 10. 0-0 Nd3 11. Rd1 Bc5 12. Bg3 Bg4 13. Rd2 Kc8 14. b4 Bb6 15. Na3 h5 16. h3 e3 17. Rxd3 Bxe2 18. Rd5 h4 19. Re1 Ba6 20. Bxh4 Rxh4 21. fxe3 c6 22. Rdd1 Re4 23. Kf2 Rxe5 24. c4 Bc7 25. Rb1 b6 26. Rec1 Rf5+ 27. Kg1 Bd6 28. Nc2 c5 29. b5 Bb7 30. Rd1 Be7 31. Rd2 Kc7 32. Rbd1 Rd8 0-1

[Event "Ljubljana Autumn op"]
[Site "Ljubljana"]
[Date "2011.11.08"]
[Round "7"]
[White "Cop, Jaka"]
[Black "Novakovic, Julian"]
[Result "0-1"]
[WhiteElo "1651"]
[BlackElo "1774"]
[PlyCount "74"]
[EventDate "2011.09.28"]
[EventType "swiss"]
[EventRounds "9"]
[EventCountry "SLO"]
[SourceTitle "EXT 2023"]
[Source "ChessBase"]
[SourceDate "2022.10.05"]
[SourceVersion "1"]
[SourceVersionDate "2022.10.05"]
[SourceQuality "1"]

1. e4 d6 2. d4 Nf6 3. Nc3 g6 4. Bg5 Bg7 5. Nf3 c6 6. Qd2 Nbd7 7. Bd3 b5 8. a3 h6 9. Bf4 Qb6 10. Ne2 c5 11. c3 a6 12. Rc1 Bb7 13. Ng3 Qc7 14. Bb1 e5 15. Be3 Nb6 16. 0-0 Nc4 17. Qe2 0-0 18. Bd3 Na5 19. b4 Nb3 20. Rb1 c4 21. Bc2 a5 22. Bxb3 cxb3 23. d5 a4 24. Qxb5 Ba6 25. Qc6 Qxc6 26. dxc6 Bxf1 27. Kxf1 Ng4 28. Bb6 Ra6 29. Ba5 Rxc6 30. Ne2 h5 31. h3 Nf6 32. Nd2 Bh6 33. Nxb3 axb3 34. Rxb3 Nxe4 35. b5 Nd2+ 36. Ke1 Nxb3 37. bxc6 Nxa5 0-1

[Event "Ljubljana Autumn op"]
[Site "Ljubljana"]
[Date "2011.10.26"]
[Round "5"]
[White "Novakovic, Julian"]
[Black "Novakovic, Gosto"]
[Result "0-1"]
[WhiteElo "1774"]
[BlackElo "1747"]
[PlyCount "56"]
[EventDate "2011.09.28"]
[EventType "swiss"]
[EventRounds "9"]
[EventCountry "SLO"]
[SourceTitle "EXT 2023"]
[Source "ChessBase"]
[SourceDate "2022.10.05"]
[SourceVersion "1"]
[SourceVersionDate "2022.10.05"]
[SourceQuality "1"]

1. d4 d5 2. c4 e6 3. Nc3 Nf6 4. cxd5 exd5 5. Bg5 Be7 6. e3 h6 7. Bh4 0-0 8. Bd3 Nc6 9. Nf3 Be6 10. a3 Nd7 11. Bg3 Rc8 12. Bb5 Ncb8 13. Bxd7 Nxd7 14. b4 Nb6 15. Rc1 Bg4 16. Qb3 Bxf3 17. gxf3 c6 18. Ke2 Re8 19. a4 Bf6 20. Rhd1 Nc4 21. Nb1 Qe7 22. Na3 Nd6 23. Bxd6 Qxd6 24. b5 Rc7 25. b6 axb6 26. Qxb6 Rce7 27. Qc5 Qxh2 28. Rh1 Rxe3+ 0-1